Enchiridion symbolorum: definitionum et declarationum de rebus fidei et morum

Shranjeno v:
Bibliografske podrobnosti
Glavni avtor: Denzinger, Enrique (Author)
Format: Knjiga
Jezik:latinščina
Izdano: Barcelona Herder 1963
Teme:
Oznake: Označite
Brez oznak, prvi označite!

MARC

LEADER 00000nam a2200000 a 4500
001 UCJ0167
003 CL-VaPUC
008 060707e19630000SP |||||||||||||||||lat|d
082 0 4 |a 248.4  |b DEN  |2 21 
100 |a Denzinger, Enrique  |e author  |9 500200 
245 1 0 |a Enchiridion symbolorum: definitionum et declarationum de rebus fidei et morum 
300 |a 907 p 
942 |c BK 
945 |d 20060707 00:00:00  |a cmena 
260 |a Barcelona  |b Herder  |c 1963 
650 0 |a Filosofía cristiana   |9 265980 
650 0 |a Creencia Religiosa  |9 316904 
650 0 |a Ética  |9 255099 
650 0 |a Conceptos morales   |9 310606 
650 0 |a Comportamiento moral  |9 334569 
650 0 |a Virtud y vicio  |9 310637 
583 |a last modification  |c 20060707 00:00:00  |k Rodrigo Vera 
999 |c 317095  |d 317093 
952 |0 0  |1 0  |4 0  |6 248_400000000000000_DEN_1963  |7 0  |8 A  |9 392853  |a BIBTEO  |b BIBTEO  |d 2019-11-22  |i 4245938  |o 248.4 DEN 1963  |p 4245938  |r 2025-01-17  |w 2019-11-22  |y BK  |k ICR